| 000 | 00632nam a22002057a 4500 | ||
|---|---|---|---|
| 003 | NUST | ||
| 005 | 20210917141313.0 | ||
| 008 | 190703b ||||| |||| 00| 0 eng d | ||
| 038 | _aMr. Zahoor | ||
| 082 | _a621.3678 | ||
| 100 |
_aNada, Samreen _916557 |
||
| 245 |
_aEstimation of River Discharge from Chitral River Catchment Using Snowmelt Run off Model / _cSamreen Nada |
||
| 260 |
_aIslamabad : _bIGIS - NUST, _c2018. |
||
| 300 |
_axvi, 84 p. : ill. ; _c30cm. |
||
| 500 | _aHardcover. | ||
| 563 | _aHard Binding | ||
| 650 |
_aRemot sensing and GIS - Ms Thesis _916558 |
||
| 700 |
_aDr. Ali Tahir _916195 |
||
| 942 |
_2ddc _cTHE |
||
| 999 |
_c525633 _d525633 |
||